Antenna theory : Analysis & design, 2nd ED With CD (Record no. 315679)
[ view plain ]
| 000 -LEADER | |
|---|---|
| fixed length control field | 00431 a2200157 4500 |
| 001 - CONTROL NUMBER | |
| control field | 80606 |
| 082 ## - DEWEY DECIMAL CLASSIFICATION NUMBER | |
| Classification number | 621.380283 BAL |
| 090 ## - LOCALLY ASSIGNED LC-TYPE CALL NUMBER (OCLC); LOCAL CALL NUMBER (RLIN) | |
| -- | 39669 |
| -- | 39669 |
| 100 ## - MAIN ENTRY--PERSONAL NAME | |
| Personal name | Balanis, Constantine A |
| 245 ## - TITLE STATEMENT | |
| Title | Antenna theory : Analysis & design, 2nd ED With CD |
| Statement of responsibility, etc. | Constantine A Balanis, |
| 250 ## - EDITION STATEMENT | |
| Edition statement | 2 |
| 260 ## - PUBLICATION, DISTRIBUTION, ETC. | |
| Place of publication, distribution, etc. | New York |
| Name of publisher, distributor, etc. | John Wiley |
| Date of publication, distribution, etc. | 1997 |
| 300 ## - PHYSICAL DESCRIPTION | |
| Extent | 940p. |
| Other physical details | Origional |
| 500 ## - GENERAL NOTE | |
| General note | Avionics Textbook |
| 505 ## - FORMATTED CONTENTS NOTE | |
| Formatted contents note | With CD |
| 942 ## - ADDED ENTRY ELEMENTS (KOHA) | |
| Institution code [OBSOLETE] | NUST-CAE |
| Call number prefix | 621.380283 BAL |
| Koha item type | |
| Withdrawn status | Lost status | Damaged status | Not for loan | Collection code | Permanent Location | Current Location | Date acquired | Total Checkouts | Full call number | Barcode | Date last seen | Price effective from | Koha item type |
|---|---|---|---|---|---|---|---|---|---|---|---|---|---|
| College of Aeronautical Engineering (CAE) | College of Aeronautical Engineering (CAE) | 04/03/2017 | 621.380283 BAL | CAE68174 | 04/05/2017 | 04/05/2017 | Book |
